The Saints (Record no. 3734)

MARC details
000 -CABECERA
campo de control de longitud fija 00738nam a2200229 a 4500
001 - NÚMERO DE CONTROL
campo de control BRCA_4008
005 - FECHA Y HORA DE LA ÚLTIMA TRANSACCIÓN
campo de control 20190320204518.0
008 - DATOS DE LONGITUD FIJA--INFORMACIÓN GENERAL
campo de control de longitud fija 160110s1960----nyua######---#000-0#eng-#
041 ## - CÓDIGO DE LENGUA
Código de lengua del texto/banda sonora o título independiente eng
044 ## - CÓDIGO DEL PAÍS DE LA ENTIDAD EDITORA/PRODUCTORA
Código MARC del país nyu
050 #4 - SIGNATURA TOPOGRÁFICA DE LA BIBLIOTECA DEL CONGRESO
Número de clasificación BX4655.8
Número de documento/Ítem .S25 1960
245 10 - MENCIÓN DE TÍTULO
Título The Saints
Resto del título a concise biographical dictionary
Mención de responsabilidad, etc. edited by John Coulson ; with an introduction by C. C. Martindale, S. l.
260 ## - PUBLICACIÓN, DISTRIBUCIÓN, ETC.
Lugar de publicación, distribución, etc. Nueva York
Nombre del editor, distribuidor, etc. Hawthorn
Fecha de publicación, distribución, etc. 1960
300 ## - DESCRIPCIÓN FÍSICA
Extensión 496 p.
Otras características físicas il. (algunas a color), 185 láminas
Dimensiones 24 cm.
500 ## - NOTA GENERAL
Nota general CEF17
650 14 - PUNTO DE ACCESO ADICIONAL DE MATERIA--TÉRMINO DE MATERIA
Término de materia o nombre geográfico como elemento de entrada Enciclopedias y diccionarios
9 (RLIN) 9441
650 14 - PUNTO DE ACCESO ADICIONAL DE MATERIA--TÉRMINO DE MATERIA
Término de materia o nombre geográfico como elemento de entrada Santos
Término indicativo de función/relación Biografía
Subdivisión de forma Diccionarios
9 (RLIN) 10421
700 1# - PUNTO DE ACCESO ADICIONAL--NOMBRE DE PERSONA
Nombre de persona Coulson, John
Término indicativo de función/relación Editor
9 (RLIN) 10422
700 1# - PUNTO DE ACCESO ADICIONAL--NOMBRE DE PERSONA
Nombre de persona Martindale, C. C.
9 (RLIN) 10423
902 ## - CATALOGADOR
Iniciales GFM
942 ## - ELEMENTOS DE PUNTO DE ACCESO ADICIONAL (KOHA)
Fuente del sistema de clasificación o colocación Library of Congress Classification
Tipo de ítem Koha Libros
Holdings
Estado de retiro Estado de pérdida Estado dañado No para préstamo Localización permanente Ubicación/localización actual Fecha de adquisición Número de inventario Total de préstamos Signatura topográfica completa Código de barras Fecha visto por última vez Precio válido a partir de Tipo de ítem Koha
El ejemplar forma parte de la colección y puede ser consultado según las políticas vigentes.       Biblioteca del Museo Franz Mayer (Rogerio Casas-Alatriste) Biblioteca del Museo Franz Mayer (Rogerio Casas-Alatriste) 16/01/2010 CEF17   BX4655.8 .S25 1960 (CEF17) 4005 22/03/2019 22/03/2019 Libros